<?xml version="1.0" encoding="UTF-8"?><?xml-stylesheet type="text/xsl" href="static/style.xsl"?><OAI-PMH xmlns="http://www.openarchives.org/OAI/2.0/" xmlns:xsi="http://www.w3.org/2001/XMLSchema-instance" xsi:schemaLocation="http://www.openarchives.org/OAI/2.0/ http://www.openarchives.org/OAI/2.0/OAI-PMH.xsd"><responseDate>2026-06-03T14:36:39Z</responseDate><request verb="GetRecord" identifier="oai:riuma.uma.es:10630/22735" metadataPrefix="marc">https://riuma.uma.es/rest/oai/request</request><GetRecord><record><header><identifier>oai:riuma.uma.es:10630/22735</identifier><datestamp>2026-02-03T12:12:41Z</datestamp><setSpec>com_10630_2254</setSpec><setSpec>col_10630_37959</setSpec></header><metadata><record xmlns="http://www.loc.gov/MARC21/slim" xmlns:dcterms="http://purl.org/dc/terms/" xmlns:doc="http://www.lyncode.com/xoai" xmlns:xsi="http://www.w3.org/2001/XMLSchema-instance" xsi:schemaLocation="http://www.loc.gov/MARC21/slim http://www.loc.gov/standards/marcxml/schema/MARC21slim.xsd">
   <leader>00925njm 22002777a 4500</leader>
   <datafield ind2=" " ind1=" " tag="042">
      <subfield code="a">dc</subfield>
   </datafield>
   <datafield ind2=" " ind1=" " tag="720">
      <subfield code="a">García-Ruiz, Carmen Rosa</subfield>
      <subfield code="e">author</subfield>
   </datafield>
   <datafield ind2=" " ind1=" " tag="720">
      <subfield code="a">González Milea, Arasy</subfield>
      <subfield code="e">author</subfield>
   </datafield>
   <datafield ind2=" " ind1=" " tag="720">
      <subfield code="a">Sánchez-Cruzado, Cristina</subfield>
      <subfield code="e">author</subfield>
   </datafield>
   <datafield ind2=" " ind1=" " tag="720">
      <subfield code="a">Martín-Gámez, Carolina</subfield>
      <subfield code="e">author</subfield>
   </datafield>
   <datafield ind2=" " ind1=" " tag="720">
      <subfield code="a">Sánchez-Compaña, María Teresa</subfield>
      <subfield code="e">author</subfield>
   </datafield>
   <datafield ind2=" " ind1=" " tag="260">
      <subfield code="c">2021</subfield>
   </datafield>
   <datafield ind2=" " ind1=" " tag="520">
      <subfield code="a">La aplicación del Aprendizaje Servicio en la docencia universitaria es una estrategia con la que experimentamos, desde el año 2013, en las aulas de la Facultad de Ciencias de la Educación de la Universidad de Málaga. La iniciativa surgió de nuestra labor en formación del profesorado y una educación comprometida con los Objetivos de Desarrollo Sostenible. Se concibe para profesorado en formación inicial del Grado en Educación Primaria. Participan asignaturas de diferentes didácticas específicas, con el objeto de aprender a desarrollar prácticas educativas, en contextos reales de intervención, para conocer el entorno y tomar conciencia de la importancia que tiene organizar el curriculum en torno a problemas sociales y científicos. El servicio se presta a centros de Educación Infantil y Primaria, en colaboración con el entramado asociativo del barrio Cruz Verde-Lagunilla, organizando talleres que respondan a una de las actuaciones prioritarias de nuestra práctica docente: reforzar la conexión y participación en el entorno social. Los talleres tienen por objeto hacer visible la importancia de la educación ante una población en riesgo de exclusión social, visibilizar al centro educativo y empoderar a su alumnado. De ahí que su desarrollo fuera del aula habitual tenga por objeto, además, fomentar la preocupación por el desarrollo sostenible y la participación ciudadana.</subfield>
   </datafield>
   <datafield ind1="8" ind2=" " tag="024">
      <subfield code="a">García-Ruiz, Carmen-Rosa; González-Milea, Arasy; Sánchez-Cruzado, Cristina; Martín-Gámez, Carolina; Sánchez-Compaña, Teresa</subfield>
   </datafield>
   <datafield ind1="8" ind2=" " tag="024">
      <subfield code="a">https://hdl.handle.net/10630/22735</subfield>
   </datafield>
   <datafield tag="653" ind2=" " ind1=" ">
      <subfield code="a">Educación-Investigación</subfield>
   </datafield>
   <datafield tag="653" ind2=" " ind1=" ">
      <subfield code="a">Enseñanza universitaria</subfield>
   </datafield>
   <datafield ind2="0" ind1="0" tag="245">
      <subfield code="a">Aprendizaje-servicio conectando escuela, entorno social y Universidad</subfield>
   </datafield>
</record>
</metadata></record></GetRecord></OAI-PMH>